000 00575nam a2200157Ia 4500
003 GCL
008 140319s9999 xx 000 0 ara d
040 _aGCL /
_cGCL
082 0 4 _a301.363
_bم د
100 1 _aالمعهد العربى لانماء المدن
245 1 0 _aدورة تدريبية عن المشاكل الادارية للمدن المتوسطة /
_cالمعهد العربى لانماء المدن
700 1 _aمنظمة المدن العربية
700 1 _aالمؤسسة الالمانية للانماء العا
300 _a439 ص
490 _a
999 _c37941
_d37941